[Event "Titled Tuesday intern op 03rd Jan Late"]
[Site "Chess.com INT"]
[Date "2023.01.03"]
[Round "8"]
[White "Slade, Theodore"]
[Black "Espinosa, Pedro"]
[Result "1/2-1/2"]
[WhiteElo "2028"]
[BlackElo "2189"]
[PlyCount "110"]
[EventDate "2023.01.03"]
[EventType "swiss (blitz)"]
[EventRounds "11"]
[EventCountry "USA"]
[SourceTitle "EXT 2024"]
[Source "ChessBase"]
[SourceDate "2023.10.10"]
[SourceVersion "1"]
[SourceVersionDate "2023.10.10"]
[SourceQuality "1"]

1. d4 d5 2. c4 c6 3. Nc3 Nf6 4. e3 e6 5. Nf3 Nbd7 6. Qc2 Bd6 7. Be2 0-0 8. 0-0 b6 9. e4 dxe4 10. Nxe4 Be7 11. Nxf6+ Nxf6 12. Ne5 Bb7 13. Bf3 Qxd4 14. Bxc6 Qxe5 15. Bxb7 Rab8 16. Bf3 Rbc8 17. Bd2 b5 18. Bc3 Rxc4 19. Be2 Rcc8 20. Qd3 Qg5 21. Qxb5 Nd5 22. Bd4 Nf4 23. g3 Nxe2+ 24. Qxe2 Rfd8 25. Bxa7 Rd2 26. Qe3 Qxe3 27. Bxe3 Rxb2 28. Rfb1 Rxb1+ 29. Rxb1 Ra8 30. Ra1 Bf6 31. Rc1 h6 32. Rc2 g5 33. h4 Kg7 34. hxg5 hxg5 35. Kg2 Kg6 36. g4 Be7 37. f3 Bd6 38. Bf2 Bf4 39. Bg3 Bxg3 40. Kxg3 Ra4 41. Rb2 Ra3 42. Re2 f6 43. Rxe6 Rxa2 44. Re8 Kf7 45. Rb8 Ra7 46. Rb6 Kg6 47. Rb8 Rg7 48. Rb6 Rf7 49. f4 gxf4+ 50. Kxf4 Rd7 51. Rb4 Rd6 52. Ra4 Rc6 53. Rb4 Rd6 54. Ra4 Rc6 55. Rb4 Rd6 1/2-1/2

[Event "Chesterfield SPICE Cup op"]
[Site "Chesterfield"]
[Date "2022.12.19"]
[Round "3"]
[White "Espinosa, Pedro"]
[Black "Kavutskiy, Konstantin"]
[Result "1/2-1/2"]
[WhiteElo "2116"]
[BlackElo "2387"]
[PlyCount "84"]
[EventDate "2022.12.18"]
[EventType "swiss"]
[EventRounds "9"]
[EventCountry "USA"]
[SourceTitle "CBM 212 Extra"]
[Source "ChessBase"]
[SourceDate "2023.03.31"]
[SourceVersion "1"]
[SourceVersionDate "2023.03.31"]
[SourceQuality "1"]

1. d4 Nf6 2. c4 g6 3. Nc3 Bg7 4. e4 d6 5. Nf3 0-0 6. Be2 e5 7. Be3 Ng4 8. Bg5 f6 9. Bc1 Nc6 10. 0-0 Nh6 11. h3 exd4 12. Nxd4 Nxd4 13. Qxd4 f5 14. Qd5+ Nf7 15. c5 fxe4 16. cxd6 Qxd6 17. Qxe4 c6 18. Rd1 Qf6 19. Be3 Bf5 20. Qb4 b6 21. Qf4 Qe7 22. Bc4 Kh8 23. Bxf7 Qxf7 24. g4 Be6 25. Qxf7 Bxf7 26. Rd7 c5 27. Rad1 Be6 28. Rb7 Rf7 29. Rxf7 Bxf7 30. a3 Be6 31. Rd6 Re8 32. a4 Be5 33. Rd2 h5 34. gxh5 gxh5 35. h4 a5 36. Bg5 Bb3 37. Rd8 Rxd8 38. Bxd8 Bxc3 39. bxc3 Bxa4 40. Bxb6 c4 41. Bxa5 Kg7 42. Kg2 Kf6 1/2-1/2

[Event "Titled Tuesday intern op 13th Dec Late"]
[Site "Chess.com INT"]
[Date "2022.12.13"]
[Round "11"]
[White "Espinosa, Pedro"]
[Black "Curtis, John"]
[Result "1-0"]
[WhiteElo "2116"]
[BlackElo "2292"]
[PlyCount "65"]
[EventDate "2022.12.13"]
[EventType "swiss (blitz)"]
[EventRounds "11"]
[EventCountry "USA"]
[SourceTitle "EXT 2024"]
[Source "ChessBase"]
[SourceDate "2023.10.10"]
[SourceVersion "1"]
[SourceVersionDate "2023.10.10"]
[SourceQuality "1"]

1. d4 Nf6 2. Nc3 d5 3. Bf4 e6 4. Nb5 Bd6 5. Nxd6+ cxd6 6. e3 Nc6 7. Nf3 Qc7 8. Be2 h6 9. 0-0 e5 10. dxe5 dxe5 11. Bg3 0-0 12. c4 Be6 13. cxd5 Bxd5 14. a3 Rad8 15. Qa4 Rfe8 16. Rac1 Qe7 17. h3 a6 18. Bh4 Bxf3 19. Bxf3 e4 20. Be2 Rd2 21. Bxa6 Ra8 22. Rxc6 bxc6 23. Qxc6 Rb8 24. b4 Ra2 25. Bg3 Rd8 26. Qc3 Qe6 27. Bc4 Qc6 28. Bxf7+ Kxf7 29. Qxc6 Rdd2 30. Be5 Nd5 31. Qd7+ Kg6 32. Qxg7+ Kf5 33. Bg3 1-0